<?xml version="1.0" encoding="UTF-8"?>
<marc:record xmlns:marc="http://www.loc.gov/MARC21/slim">
   <marc:leader>00000nam a2200000 a 4500</marc:leader>
   <marc:datafield ind1="1" ind2=" " tag="100">
      <marc:subfield code="a">Waiblinger, Ralf</marc:subfield>
      <marc:subfield code="4">aut</marc:subfield>
      <marc:subfield code="e">Verfasser/-in</marc:subfield>
   </marc:datafield>
   <marc:datafield ind1="0" ind2="0" tag="245">
      <marc:subfield code="a">Seeräuberkapitän Semmelbrösel</marc:subfield>
   </marc:datafield>
   <marc:datafield ind1="0" ind2="0" tag="245">
      <marc:subfield code="c">Ralf Waiblinger. Mit Ill. von Ralf und Victoria Waiblinger</marc:subfield>
   </marc:datafield>
   <marc:datafield ind1=" " ind2="1" tag="264">
      <marc:subfield code="a">Sigmarszell</marc:subfield>
      <marc:subfield code="b">Papierfresserchens MTM-Verl.</marc:subfield>
      <marc:subfield code="c">2011</marc:subfield>
   </marc:datafield>
   <marc:datafield ind1=" " ind2=" " tag="250">
      <marc:subfield code="a">1. Aufl.</marc:subfield>
   </marc:datafield>
   <marc:datafield ind1="1" ind2=" " tag="520">
      <marc:subfield code="a">Angaben aus der Verlagsmeldung

Seeräuberkapitän Semmelbrösel / von Ralf Waiblinger

Piratengeschichten gibt es viele - mal schaurig, mal spannend. Aber habt ihr schon einmal von einem Piratenkapitän gehört, dem Gold und Reichtum so sehr zu Kopf gestiegen sind, dass er sich daran zuletzt die Zähne ausgebissen hat?

Wie das soweit kommt, erzählt die lustige Geschichte vom Seeräuberkapitän Semmelbrösel, die nicht nur den Kindern, sondern auch den Eltern immer wieder Spaß beim Vorlesen machen wird.
</marc:subfield>
   </marc:datafield>
   <marc:datafield ind1=" " ind2=" " tag="020">
      <marc:subfield code="a">9783861960539</marc:subfield>
      <marc:subfield code="9">9783861960539</marc:subfield>
   </marc:datafield>
   <marc:datafield ind1=" " ind2=" " tag="041">
      <marc:subfield code="a">ger</marc:subfield>
   </marc:datafield>
   <marc:datafield ind1=" " ind2=" " tag="300">
      <marc:subfield code="a">41 S.</marc:subfield>
   </marc:datafield>
</marc:record>
